Welcome to CU Library Online Public Access Catalogue (OPAC)

Medical terminology for health careers / (Record no. 2652)

MARC details
000 -LEADER
fixed length control field 00757cam a2200241 a 4500
001 - CONTROL NUMBER
control field 14446877
005 - DATE AND TIME OF LATEST TRANSACTION
control field 20250118104533.0
008 - FIXED-LENGTH DATA ELEMENTS--GENERAL INFORMATION
fixed length control field 060711s2007 mnua d 001 0 eng
020 ## - INTERNATIONAL STANDARD BOOK NUMBER
International Standard Book Number 0763822736 (pbk. : text)
020 ## - INTERNATIONAL STANDARD BOOK NUMBER
International Standard Book Number 9780763822705
050 00 - LIBRARY OF CONGRESS CALL NUMBER
Classification number R123
Item number .E88 2007
082 00 - DEWEY DECIMAL CLASSIFICATION NUMBER
Classification number 610.1/4
Edition information 22
100 1# - MAIN ENTRY--PERSONAL NAME
Personal name Ettinger, Alice G.,
Dates associated with a name 1943-
245 10 - TITLE STATEMENT
Title Medical terminology for health careers /
Statement of responsibility, etc. Alice G. Ettinger, Pamala F. Burch.
250 ## - EDITION STATEMENT
Edition statement 2nd ed.
260 ## - PUBLICATION, DISTRIBUTION, ETC.
Place of publication, distribution, etc. St. Paul, MN :
Name of publisher, distributor, etc. EMCParadigm,
Date of publication, distribution, etc. c2007.
300 ## - PHYSICAL DESCRIPTION
Extent 1 v. (various pagings) :
Other physical details ill. (some col.) ;
Dimensions 28 cm.
500 ## - GENERAL NOTE
General note Includes index.
650 #0 - SUBJECT ADDED ENTRY--TOPICAL TERM
Topical term or geographic name entry element Medicine
General subdivision Terminology.
650 #0 - SUBJECT ADDED ENTRY--TOPICAL TERM
Topical term or geographic name entry element Medical sciences
General subdivision Terminology.
700 1# - ADDED ENTRY--PERSONAL NAME
Personal name Burch, Pamala F.
942 ## - ADDED ENTRY ELEMENTS (KOHA)
Source of classification or shelving scheme Library of Congress Classification
Koha item type Books
Edition 2nd ed.
Suppress in OPAC No
999 ## -
-- 2652
-- 2652
Holdings
Withdrawn status Lost status Source of classification or shelving scheme Damaged status Not for loan Collection Home library Current library Shelving location Date acquired Total checkouts Full call number Barcode Date last seen Copy number Price effective from Koha item type
    Library of Congress Classification     Non-fiction Science Library (Miotso) Science Library (Miotso) General stacks 01/18/2025   R123 .E88 ETT SLM00001975 01/18/2025 1 01/18/2025 Books
© 2023-2024 Copyright: Central University Libraries. All Rights Reserved | Created by: Mahone Tech Office